UM Logo

Computer dot com practice set in accounting : (Record no. 14949)

MARC details
000 -LEADER
fixed length control field 00608nam a22001577a 4500
008 - FIXED-LENGTH DATA ELEMENTS--GENERAL INFORMATION
fixed length control field 200203b ||||| |||| 00| 0 eng d
020 ## - INTERNATIONAL STANDARD BOOK NUMBER
International Standard Book Number 978-621-427-007-1
082 ## - DEWEY DECIMAL CLASSIFICATION NUMBER
Edition number 2018
Classification number DFil 657
Item number T481
100 ## - MAIN ENTRY--PERSONAL NAME
Personal name Timbang, Ferdinand L.
9 (RLIN) 41493
245 ## - TITLE STATEMENT
Title Computer dot com practice set in accounting :
Remainder of title Book 4 forms of computer dot com
Statement of responsibility, etc. Ferdinand L. Timbang
260 ## - PUBLICATION, DISTRIBUTION, ETC. (IMPRINT)
Place of publication, distribution, etc. Manila:
Name of publisher, distributor, etc. Unlimited Books Library Services & Publishing Inc.,
Date of publication, distribution, etc. ©2018.
300 ## - PHYSICAL DESCRIPTION
Extent iv, 237 pages:
Other physical details illustration;
Dimensions 28 cm.
650 ## - SUBJECT ADDED ENTRY--TOPICAL TERM
Topical term or geographic name as entry element Accounting.
9 (RLIN) 41499
651 ## - SUBJECT ADDED ENTRY--GEOGRAPHIC NAME
Geographic name Accounting -- Problems, exercises, etc.
9 (RLIN) 41497
942 ## - ADDED ENTRY ELEMENTS (KOHA)
Source of classification or shelving scheme Dewey Decimal Classification
Koha item type Filipiniana
Holdings
Withdrawn status Lost status Source of classification or shelving scheme Damaged status Not for loan Collection code Home library Current library Date acquired Source of acquisition Total Checkouts Full call number Barcode Date last seen Copy number Price effective from Koha item type
    Dewey Decimal Classification     Filipiniana UM Digos College - LIC UM Digos College - LIC 08/08/2019 Purchased   DFil 657 T481 2018 25571 05/15/2025 1 02/03/2020 Filipiniana